00660nam a2200217Ia 450000500170000000800410001704000190005804100120007708200160008910000210010524500460012626000250017230000220019750400480021965000180026765100220028585000100030794200070031799900160032495201020034020221230130203.0131103s9999 xx 000 0 und d aLoreto College aEnglish a822.09bBRI aBridges-Adam, W. 4aThe irresistible theatrecW. Bridges-Adam aLondonbSeckerc1957 axiv,240 p.b ill. aVol.1 From the conquest to the commonwealth aEnglish Drama aDrama - Criticism aLCLIB cBK c6663d57142 00102ddc4070aMAINbMAINd2013-11-04l0o822.09 BRI 12958pB6533r2013-11-04w2013-11-04yBKf